000 00321nam a2200133Ia 4500
005 20251222144816.0
008 251222s9999||||xx |||||||||||||| ||spa||
020 _a978-9972-664-32-8
082 _a343.01/B12
100 _aBaca Oneto, Víctor
245 0 _aProtección al Consumidor
264 _bIndecopi
942 _cLIB
999 _c20285
_d20285